000 00552nam a2200193Ia 4500
008 100315s9999 xx 000 0 und d
040 _cENGLISH 
082 _b2397 
_a481 
100 _a"Ovid,P.J "
245 _aGlossary of Selected Labour Terms in Verse
250 _a1st 
260 _aBombay 
_bUniversity of Bombay  
_c1985 
300 _a22 
365 _eRupees 
_d
_b0.00 
366 _f
630 _aGlossary of Selected Labour Terms in Verse
730 _aGlossary of Selected Labour Terms in Verse
942 _cBOOK
999 _c477132
_d477129